000 00406pab a2200169 454500
008 180718b2012 xxu||||| |||| 00| 0 eng d
100 _aJose, Justin P. et al
245 _aUnwed motherhood among tribals in South India
260 _c2012
300 _ap.73-96.
362 _aJan
650 _aTribes
650 _aMothers
773 _aIndian Journal of Social Work
908 _aN
909 _a98261
999 _c98260
_d98260